00895cam a2200241 a 450000100100000000500170001000800410002702000150006804000290008305000220011208200220013410000430015624500930019926000520029230000260034450400460037065000320041665000190044891000340046704900090050195201260051099900170063600001282420260330135551.0991125s1999 ck b 000 0 spa  a9586760715 aDO-SdBNPbspacLCdBNPHU00aKHH484b.B46 1999 a346.016861bB465d1 aBenetti Ángel, Julio Ignacio.92966110aDerecho matrimonial colombiano :banálisis crítico /cJulio Ignacio Benetti Ángel. aSantafé de Bogotá :bDoctrina y Ley,c1999. axxi, 268 p. ;c22 cm. aReferencia bibliográficas p. [257]-268. 0aDerecho matrimonial 929662 0aParejas929663 aCatalogación por copia / LC aBNGR 001052708MOaGRbGRcCTd2009-11-17iLF1l0o346.016861 B465dp12824-10r2020-06-25w2020-06-25y2ZPréstamo interno c12474d12474